Humic acids properties of an argiudoll soil under two tillage systems /
Guardado en:
| Autor Principal: | |
|---|---|
| Autor Corporativo: | |
| Otros Autores: | , , , |
| Formato: | Artículo |
| Idioma: | Undetermined |
| Publicado: |
1989.
|
| Acceso en línea: | Texto completo |
| Etiquetas: |
Agregar Etiqueta
Sin Etiquetas, Sea el primero en etiquetar este registro!
|
| LEADER | 01045nab a22002415a 4500 | ||
|---|---|---|---|
| 001 | EEA.libagro011003 | ||
| 008 | 180704s1989####xx############0###0#und#d | ||
| 005 | 20200801110548.0 | ||
| 245 | 1 | 0 | |a Humic acids properties of an argiudoll soil under two tillage systems / |c R.A. Rosell, A.E. Andriulo, M.Schnitzer, M.B. Crespo, A.M. Miglierina. |
| 260 | |c 1989. | ||
| 300 | |a p. : |b il. ; |c 26 cm. | ||
| 500 | |a Publicaciones del LAHBIS. | ||
| 530 | |a Disponible también en línea. | ||
| 773 | 0 | |7 ||as |t Science of the total environment |x 0048-9697 |g v. 81-81 pp. 391-400 | |
| 100 | 1 | |a Rosell, Ramón Antonio. | |
| 700 | 1 | |a Andriulo, Adrián E. | |
| 700 | 1 | |a Schnitzer, M. | |
| 700 | 1 | |a Crespo, Miryam B. | |
| 700 | 1 | |a Miglierina, Ana María. | |
| 710 | 2 | |a Universidad Nacional del Sur. |b Departamento de Ciencias Agrarias. |b Laboratorio de Humus y Biodinámica del Suelo. | |
| 082 | 0 | 4 | |a 631.417 |a 631.44 |
| 856 | |u https://www.sciencedirect.com/science/article/pii/0048969789901472 |y Texto completo | ||
| 859 | |a AR-BbBCA |b BIB. AGRONOMIA |h 631.417 |i B151 11 |p 1996/2692 | ||
